Culture générale_La réponse est un chiffre - Statistiques

Statistiques générales
  • Ce quiz a été pris 62 fois
  • Le résultat moyen est 11 sur 20
Statistiques - réponses
Hint Réponse % Correct
Travaux d'Hercule 12
96%
Dents d'un adulte en bonne santé 32
93%
Distance d'un marathon en km (arrondi) 42
84%
Numéro du maillot de Zidane au Réal de Madrid 5
76%
Get (vert) 27
75%
Cases d'échéquier 64
73%
Pastis 51
71%
Roi sous lequel la Guerre de Cents Ans a pris fin: Charles VII
69%
Minutes d'expulsion après un carton jaune au Rugby 10
65%
Côtés d'un pentadécagone 15
60%
Guerre opposant Israël à d'autres pays arabes en 1967: Guerre de ? jours 6
55%
% de voix pour E. Macron lors du second tour en 2022 (arrondi au supérieur) 59
53%
Référence tiktok de 2025 67
53%
Département des Pyrénées Orientales 66
51%
Nombres de vers dans un sonnet parfait 14
47%
Buts inscrits par Messi sur l'année civile 2012 91
40%
Record de points en un seul match de NBA 100
36%
Livres de Fables de La Fontaine 12
27%
Zéro absolu en degré (arrondi) -273
16%
Nombre de papes (Léon XIV est le dernier de la liste) 267
4%
Aucun quiz correspondant
Distribution des résultats
% des personnes avec chaque résultat
Percentile par nombre de réponses
Votre historique - résultats
Vous n’avez pas pris ce quiz